000 00344nam a2200133Ia 4500
008 100328s9999 xx 000 0 und d
082 _b20720
100 _aसाठे ताराबाई
245 _aसंसद
260 _bकॉन्टिनेन्टल
630 _aसंसद
730 _aसंसद
942 _cBOOK
999 _c514817
_d514814